[Event "Hofmann Cup"]
[Site "Baden-Baden GER"]
[Date "1995.??.??"]
[Round "6"]
[White "Jussupow, Artur M"]
[Black "Karpov, Anatoly"]
[Result "0-1"]
[WhiteElo "2660"]
[BlackElo "2765"]
[PlyCount "122"]
[EventDate "1995.??.??"]
[Source "www.chesslib.no"]
[SourceDate "2004.05.04"]

1. d4 Nf6 2. c4 e6 3. Nc3 Bb4 4. Bg5 h6 5. Bh4 c5 6. d5 Bxc3+ 7. bxc3 d6 8. e3 e5 9. Qc2 Qe7 10. Nf3 g5 11. Bg3 Nh5 12. Bd3 Nd7 13. Nd2 Ndf6 14. h3 Bd7 15. Rb1 b6 16. a4 Ng7 17. f3 Nfh5 18. Bh2 Kd8 19. a5 Kc7 20. O-O f5 21. Rb2 f4 22. Ra1 Rhb8 23. Rba2 a6 24. Rb2 bxa5 25. Rxa5 Rxb2 26. Qxb2 Nf6 27. Qa3 Bc8 28. Nb3 Nd7 29. Kf1 Rb8 30. Bg1 Kd8 31. e4 Nh5 32. Bc2 Ng3+ 33. Ke1 Ke8 34. Nd2 Kf8 35. Ba4 Kg7 36. Bxd7 Qxd7 37. Kd1 Qb7 38. Kc2 Nf1 39. Nb3 Ne3+ 40. Bxe3 fxe3 41. Qb2 Qf7 42. Kd3 Qf4 43. Qc2 Qg3 44. Ra1 h5 45. Kxe3 g4 46. hxg4 hxg4 47. Nd2 Qxg2 48. Rf1 g3 49. Qc1 Qh2 50. Kd3 g2 51. Rg1 Bh3 52. Kc2 Qg3 53. Kd3 Qf2 54. Qa1 Rb6 55. Qc1 Kg6 56. Qa1 Kh5 57. Qc1 a5 58. Re1 a4 59. Qd1 Kh4 60. Qc1 Kg3 61. Nb1 Rb2 0-1

[Event "[Fritz"]
[Site "[Fritz"]
[Date "1994.??.??"]
[Round "5"]
[White "Morozevich, Alexander"]
[Black "Vyzmanavin, Alexey B"]
[Result "0-1"]
[WhiteElo "2590"]
[BlackElo "2610"]
[PlyCount "59"]
[EventDate "1994.??.??"]
[Source "www.chesslib.no"]
[SourceDate "2004.05.04"]

1. d4 Nf6 2. c4 e6 3. Nc3 Bb4 4. Bg5 h6 5. Bh4 c5 6. d5 Bxc3+ 7. bxc3 d6 8. e3 e5 9. Qc2 Qe7 10. Nf3 Nbd7 11. Be2 e4 12. Nd2 g5 13. Bg3 Nf8 14. h4 Rg8 15. Rb1 Ng6 16. h5 Nf8 17. Kd1 Bf5 18. Qa4+ Kd8 19. Kc2 Qc7 20. Nb3 b6 21. Qa6 Bc8 22. Qa3 Bb7 23. Qc1 N8d7 24. Kb2 Re8 25. Ka1 Ne5 26. Qg1 Qc8 27. Qh2 Kc7 28. Rhe1 Ba6 29. f4 exf3 30. gxf3 0-1

[Event "EUCup Honved-Solingen"]
[Site "Solingen GER"]
[Date "1989.??.??"]
[Round "?"]
[White "Spassky, Boris Vasily"]
[Black "Sax, Gyula"]
[Result "1/2-1/2"]
[WhiteElo "2580"]
[BlackElo "2610"]
[PlyCount "41"]
[EventDate "1989.??.??"]
[Source "www.chesslib.no"]
[SourceDate "2004.05.04"]

1. d4 Nf6 2. c4 e6 3. Nc3 Bb4 4. Bg5 h6 5. Bh4 c5 6. d5 Bxc3+ 7. bxc3 d6 8. e3 e5 9. Qc2 Qe7 10. Nf3 g5 11. Bg3 e4 12. Nd2 Nbd7 13. h4 Rg8 14. Rb1 Kd8 15. hxg5 hxg5 16. Rb2 Nf8 17. Qb1 Ng6 18. a4 Re8 19. Nb3 Qc7 20. Be2 Rb8 21. Kd2 1/2-1/2

[Event "Corr DDR"]
[Site "?"]
[Date "1986.??.??"]
[Round "?"]
[White "Miles, Anthony J"]
[Black "Polugaevsky, Lev A"]
[Result "1-0"]
[WhiteElo "2610"]
[BlackElo "2575"]
[PlyCount "83"]
[EventDate "1986.??.??"]
[Source "www.chesslib.no"]
[SourceDate "2004.05.04"]

1. d4 Nf6 2. c4 e6 3. Nc3 Bb4 4. Bg5 c5 5. d5 h6 6. Bh4 Bxc3+ 7. bxc3 d6 8. e3 e5 9. Bd3 Nbd7 10. f4 Qe7 11. Ne2 g5 12. fxg5 Ng4 13. Ng3 Nxe3 14. Qf3 hxg5 15. Qxe3 gxh4 16. Nf5 Qf6 17. O-O Nf8 18. Rf3 Bd7 19. Raf1 O-O-O 20. Be4 Ng6 21. Ne7+ Qxe7 22. Rxf7 Qxf7 23. Rxf7 Nf4 24. Bh7 Rdf8 25. Rg7 Rf6 26. Bg8 Rf8 27. Be6 Bxe6 28. dxe6 Rfg8 29. Rf7 Rxg2+ 30. Kf1 Rhg8 31. e7 Kd7 32. e8=R+ Kxe8 33. Rxf4 Rxh2 34. Rf2 Rxf2+ 35. Kxf2 Rf8+ 36. Kg2 Rf4 37. Qh3 Kd8 38. Qe6 Kc7 39. a4 a5 40. Qe7+ Kc6 41. Qe8+ Kc7 42. Qb5 1-0

[Event "Calcutta Goodricke op"]
[Site "Calcutta"]
[Date "1998.02.08"]
[Round "3"]
[White "Sasikiran, Krishnan"]
[Black "Graf, Alexander"]
[Result "1/2-1/2"]
[WhiteElo "2470"]
[BlackElo "2625"]
[PlyCount "75"]
[EventDate "1998.02.06"]
[Source "ChessBase"]
[SourceDate "1998.03.09"]

1. d4 Nf6 2. c4 e6 3. Nc3 Bb4 4. Bg5 c5 5. d5 h6 6. Bh4 Bxc3+ 7. bxc3 d6 8. e3 e5 9. f3 Bf5 10. e4 Bc8 11. Bd3 Nbd7 12. Qa4 Ke7 13. Ne2 g5 14. Bf2 Nf8 15. h4 Ng6 16. hxg5 hxg5 17. O-O-O Bd7 18. Qa3 b6 19. g3 Qc7 20. Be3 g4 21. f4 Rag8 22. f5 Rxh1 23. Rxh1 Nf8 24. Kb1 Qb7 25. Ka1 N8h7 26. Qc1 a6 27. Qa3 Ng5 28. Bxg5 Rxg5 29. Qc1 Rh5 30. Rxh5 Nxh5 31. Qg5+ Nf6 32. Nf4 exf4 33. e5 dxe5 34. d6+ Kxd6 35. Qxf6+ Kc7 36. Qxe5+ Kc8 37. Qh8+ Kc7 38. Qe5+ 1/2-1/2

[Event "Zaragoza"]
[Site "?"]
[Date "1995.??.??"]
[Round "?"]
[White "Comas Fabrego, L."]
[Black "Lalic, B."]
[Result "0-1"]
[WhiteElo "2490"]
[BlackElo "2590"]
[PlyCount "80"]
[EventDate "1995.??.??"]
[Source "ChessBase"]
[SourceDate "1995.06.01"]

1. d4 Nf6 2. c4 e6 3. Nc3 Bb4 4. Bg5 h6 5. Bh4 c5 6. d5 d6 7. e3 Qe7 8. Bd3 Bxc3+ 9. bxc3 e5 10. Ne2 g5 11. Bg3 Nbd7 12. f3 Kd8 13. Qc2 Kc7 14. Rb1 Rg8 15. h3 Nb6 16. a4 a5 17. Bh2 Qe8 18. Ra1 Bd7 19. O-O h5 20. Ng3 h4 21. Nf5 Bxa4 22. Qb2 Nc8 23. Rfb1 b6 24. f4 gxf4 25. exf4 e4 26. Bf1 Bd7 27. Nxh4 Bxh3 28. f5 Bg4 29. Re1 e3 30. Bf4 e2 31. Bxe2 Qe4 32. Qd2 Bxe2 33. Rxe2 Qxc4 34. Rae1 Qxd5 35. Qe3 Re8 36. Qf2 Rxe2 37. Qxe2 a4 38. Bg5 Nd7 39. Rd1 Qb3 40. Qf3 Ne5 0-1

[Event "WCN k.o."]
[Site "?"]
[Date "2001.??.??"]
[Round "?"]
[White "Rogozenko Dorian"]
[Black "Lobron Eric"]
[Result "1-0"]
[WhiteElo "2548"]
[BlackElo "2524"]
[PlyCount "137"]
[EventDate "2001.??.??"]
[Source "www.chesslib.no"]
[SourceDate "2004.05.04"]

1. d4 Nf6 2. c4 e6 3. Nc3 Bb4 4. Bg5 c5 5. d5 h6 6. Bh4 d6 7. e3 Bxc3+ 8. bxc3 Qe7 9. Nf3 Nbd7 10. Nd2 O-O 11. Be2 Ne5 12. Ne4 g5 13. Nxf6+ Qxf6 14. Bg3 Nxc4 15. O-O exd5 16. Qxd5 Be6 17. Qxb7 Rfb8 18. Qf3 Qxf3 19. Bxf3 Nd2 20. Bxa8 Nxf1 21. Kxf1 Rxa8 22. Bxd6 Rc8 23. a3 Rc6 24. Bb8 Ra6 25. a4 Kf8 26. a5 Ke7 27. Ke2 Kd7 28. Kd3 c4+ 29. Kd4 Kc6 30. Ke5 Kb5 31. Bc7 g4 32. f4 gxf3 33. gxf3 Bh3 34. Rb1+ Kc6 35. Bd8 Kd7 36. Rd1+ Ke8 37. Rd5 Bd7 38. Bh4 Re6+ 39. Kd4 Rg6 40. Rh5 Be6 41. f4 f5 42. Ke5 Kf7 43. Bg3 Ke7 44. e4 Bf7 45. Bh4+ Ke8 46. Rxf5 Re6+ 47. Kd4 Rd6+ 48. Kc5 Rd2 49. Bg3 Rd3 50. Kb4 Re3 51. Re5+ Kd7 52. f5 Bh5 53. Kxc4 Be2+ 54. Kb4 Bd3 55. f6 Rxe4+ 56. Rxe4 Bxe4 57. c4 a6 58. Kc5 Ke6 59. Bh4 Bd3 60. Kd4 Bf1 61. c5 Bb5 62. Ke4 Bc6+ 63. Kf4 Be8 64. Kg4 Kd5 65. Kf5 Bf7 66. Bf2 Kc6 67. Be3 h5 68. Kg5 Kb5 69. Kh6 1-0

[Event "Barcelona"]
[Site "Barcelona ESP"]
[Date "1993.??.??"]
[Round "4"]
[White "Solozhenkin, Evgeniy"]
[Black "Spraggett, Kevin B"]
[Result "1/2-1/2"]
[WhiteElo "2515"]
[BlackElo "2555"]
[PlyCount "22"]
[EventDate "1993.??.??"]
[Source "www.chesslib.no"]
[SourceDate "2004.05.04"]

1. d4 Nf6 2. c4 e6 3. Nc3 Bb4 4. Bg5 h6 5. Bh4 c5 6. d5 d6 7. e3 Bxc3+ 8. bxc3 Qe7 9. Nf3 Nbd7 10. Nd2 O-O 11. dxe6 Qxe6 1/2-1/2

[Event "Mar del Plata ARG"]
[Site "Mar del Plata ARG"]
[Date "1971.??.??"]
[Round "?"]
[White "Rubinetti, Jorge A"]
[Black "Polugaevsky, Lev A"]
[Result "0-1"]
[WhiteElo "2440"]
[BlackElo "2630"]
[PlyCount "60"]
[EventDate "1971.??.??"]
[Source "www.chesslib.no"]
[SourceDate "2004.05.04"]

1. d4 e6 2. c4 Nf6 3. Nc3 Bb4 4. Bg5 h6 5. Bh4 c5 6. d5 Bxc3+ 7. bxc3 d6 8. e3 e5 9. Nf3 Qe7 10. Nd2 Nbd7 11. Qc2 e4 12. Be2 g5 13. Bg3 Nf8 14. h4 Rg8 15. Rb1 Kd8 16. h5 N8d7 17. Rb2 Ne5 18. Nxe4 Bf5 19. Nxf6 Bxc2 20. Nxg8 Qf8 21. Bxe5 dxe5 22. Nxh6 Bh7 23. Ng4 Kc7 24. Kd2 Qd6 25. f3 e4 26. Nf2 exf3 27. gxf3 Re8 28. Nd3 b6 29. e4 f6 30. a4 g4 0-1

[Event "Moscow-A"]
[Site "Moscow RUS"]
[Date "1987.??.??"]
[Round "?"]
[White "Dolmatov, Sergey V"]
[Black "Lerner, Konstantin Z"]
[Result "1/2-1/2"]
[WhiteElo "2515"]
[BlackElo "2555"]
[PlyCount "98"]
[EventDate "1987.06.??"]
[Source "www.chesslib.no"]
[SourceDate "2004.05.04"]

1. d4 Nf6 2. c4 e6 3. Nc3 Bb4 4. Bg5 h6 5. Bh4 c5 6. d5 d6 7. e3 Bxc3+ 8. bxc3 Qe7 9. Nf3 e5 10. Qc2 Nbd7 11. Nd2 Kd8 12. Bd3 Kc7 13. O-O-O g5 14. Bg3 Nh5 15. f3 Nb6 16. Bf2 Bd7 17. Rde1 Raf8 18. g4 Ng7 19. h4 f5 20. hxg5 hxg5 21. Rxh8 Rxh8 22. gxf5 Qf8 23. e4 Nh5 24. Nf1 Nf4 25. Ne3 Ba4 26. Qd2 Rh3 27. Be2 Be8 28. Rg1 Qh6 29. Ng4 Qh8 30. Be3 Rh1 31. Rd1 Ba4 32. Re1 Qh4 33. Bf2 Qh3 34. f6 Be8 35. Qd1 Rxe1 36. Qxe1 Nd7 37. Qf1 Qxf1+ 38. Bxf1 Bh5 39. Nh2 Nxf6 40. Kd2 Kb6 41. Bd3 Ka5 42. Bc2 Nd7 43. Be3 a6 44. Bb3 Nf6 45. Bc2 Nd7 46. Bb3 b5 47. cxb5 axb5 48. a3 Nb6 49. Kc1 Nd3+ 1/2-1/2

[Event "Open"]
[Site "?"]
[Date "2002.04.13"]
[Round "4"]
[White "Kruppa Yuri"]
[Black "Korobov Anton"]
[Result "1/2-1/2"]
[WhiteElo "2551"]
[BlackElo "2511"]
[PlyCount "98"]
[EventDate "2002.??.??"]
[Source "www.chesslib.no"]
[SourceDate "2004.05.04"]

1. d4 Nf6 2. c4 e6 3. Nc3 Bb4 4. Bg5 h6 5. Bh4 c5 6. d5 Bxc3+ 7. bxc3 e5 8. e3 d6 9. Qc2 Nbd7 10. Nf3 Qe7 11. Nd2 b6 12. f3 g5 13. Bg3 Bb7 14. Bd3 O-O-O 15. O-O-O Rhg8 16. Bf2 Kc7 17. Kb1 Rde8 18. Ka1 h5 19. e4 h4 20. Nf1 Nh5 21. Ne3 Nf4 22. Bf1 Rh8 23. Nf5 Qf6 24. Rg1 Reg8 25. Rb1 g4 26. Bxh4 Rxh4 27. Nxh4 Qxh4 28. g3 Qh8 29. gxf4 exf4 30. Rxg4 Rxg4 31. fxg4 Ne5 32. h3 Qh4 33. Qh2 Qf6 34. Kb2 Qh6 35. Qd2 Ba6 36. Kb3 Qf6 37. a4 f3 38. g5 Qh8 39. Qf4 Bc8 40. a5 bxa5 41. Ra1 Bxh3 42. Qf6 a4+ 43. Kxa4 Qe8+ 44. Kb3 Bxf1 45. Rxf1 a6 46. Rxf3 Qb8+ 47. Kc2 Qe8 48. Kb3 Qb8+ 49. Kc2 Qe8 1/2-1/2

[Event "Reykjavik"]
[Site "Reykjavik ISL"]
[Date "1976.??.??"]
[Round "9"]
[White "Timman, Jan H"]
[Black "Najdorf, Miguel"]
[Result "0-1"]
[WhiteElo "2550"]
[BlackElo "2510"]
[PlyCount "78"]
[EventDate "1976.09.??"]
[Source "www.chesslib.no"]
[SourceDate "2004.05.04"]

1. d4 Nf6 2. c4 e6 3. Nc3 Bb4 4. Bg5 h6 5. Bh4 c5 6. d5 d6 7. e3 exd5 8. cxd5 O-O 9. Bd3 Nbd7 10. Nge2 Ne5 11. O-O Ng6 12. Bg3 Nh5 13. Qc2 f5 14. f4 Bd7 15. Bf2 Ne7 16. e4 Bxc3 17. bxc3 fxe4 18. Bxe4 Nf6 19. Bh4 Qe8 20. Bxf6 Rxf6 21. Ng3 Qf7 22. Bh7+ Kh8 23. Ne4 g6 24. Nxf6 Qxf6 25. Bxg6 Nxg6 26. Rae1 Rg8 27. Kh1 Nh4 28. g3 Nf5 29. Qd3 Qf7 30. Rf2 Ne7 31. c4 Nf5 32. Rfe2 b5 33. Qc3+ Rg7 34. Re6 Bxe6 35. dxe6 Qb7+ 36. Kg1 Nd4 37. Kf2 bxc4 38. f5 Nxf5 39. Qf6 Ne7 0-1

[Event "Yerevan (ol)"]
[Site "?"]
[Date "1996.??.??"]
[Round "?"]
[White "Dao, Thien Hai"]
[Black "Tisdall, J."]
[Result "1/2-1/2"]
[WhiteElo "2535"]
[BlackElo "2515"]
[PlyCount "123"]
[EventDate "1996.??.??"]
[Source "ChessBase"]
[SourceDate "1996.06.01"]

1. d4 Nf6 2. c4 e6 3. Nc3 Bb4 4. Bg5 h6 5. Bh4 c5 6. d5 Bxc3+ 7. bxc3 d6 8. e3 e5 9. Nf3 Qe7 10. Nd2 g5 11. Bg3 Bf5 12. Qb3 Kd8 13. Be2 Kc7 14. f3 Nbd7 15. e4 Bg6 16. Rb1 Rhb8 17. Bf2 Nh5 18. g3 f5 19. Bd3 fxe4 20. fxe4 Nhf6 21. O-O Qh7 22. Qa4 Nxe4 23. Nxe4 Bxe4 24. Bxe4 Qxe4 25. Rbe1 Qg6 26. Qa5+ b6 27. Qb5 a6 28. Qc6+ Kd8 29. Be3 Rc8 30. Qa4 b5 31. Qd1 Ke7 32. Qg4 Rf8 33. h4 Rxf1+ 34. Rxf1 Rf8 35. hxg5 Rxf1+ 36. Kxf1 h5 37. Qe2 Qf5+ 38. Kg2 Qg4 39. Qc2 Nf8 40. cxb5 axb5 41. Qf2 Nd7 42. Qc2 e4 43. Bf4 Qf3+ 44. Kh2 Nb6 45. Qb2 e3 46. c4 Qf2+ 47. Qxf2 exf2 48. Kg2 Nxc4 49. Kxf2 Nb6 50. g6 Nxd5 51. g7 Kf7 52. Bxd6 c4 53. Bf8 b4 54. Ke1 b3 55. axb3 cxb3 56. Kd2 Ne3 57. Kc3 Nf5 58. Kxb3 Nxg3 59. Kc2 h4 60. Bd6 Kxg7 61. Kd1 Kg6 62. Bxg3 1/2-1/2

[Event "Warsaw zt-B"]
[Site "Warsaw"]
[Date "1987.??.??"]
[Round "?"]
[White "Pekarek, Ales"]
[Black "Pinter, Jozsef"]
[Result "0-1"]
[WhiteElo "2480"]
[BlackElo "2570"]
[PlyCount "74"]
[EventDate "1987.02.??"]
[Source "ChessBase"]

1. d4 Nf6 2. c4 e6 3. Nc3 Bb4 4. Bg5 h6 5. Bh4 c5 6. d5 d6 7. e3 Bxc3+ 8. bxc3 e5 9. f3 g5 10. Bg3 Qe7 11. Qc2 h5 12. h4 g4 13. Bd3 Rg8 14. Ne2 Nbd7 15. a4 Nf8 16. Kd2 Kd8 17. Raf1 gxf3 18. gxf3 Kc7 19. Rfg1 Bd7 20. Bf2 Ng6 21. Ng3 e4 22. Nxe4 Nxe4+ 23. Bxe4 Ne5 24. Ke2 Nxc4 25. Qd3 Ne5 26. Qd2 Rae8 27. Bg3 Qf6 28. Bxe5 Qxe5 29. Kf2 Rxg1 30. Rxg1 Qh2+ 31. Rg2 Qxh4+ 32. Kg1 Qf6 33. Rg3 Bg4 34. c4 Qe7 35. Bd3 f5 36. a5 h4 37. Rg2 Qxe3+ 0-1

[Event "URS-FL"]
[Site "Sverdlovsk"]
[Date "1987.??.??"]
[Round "?"]
[White "Malaniuk, Vladimir P"]
[Black "Rashkovsky, Nukhim N"]
[Result "1/2-1/2"]
[WhiteElo "2575"]
[BlackElo "2470"]
[PlyCount "36"]
[EventDate "1987.11.??"]
[Source "www.chesslib.no"]
[SourceDate "2004.05.04"]

1. d4 Nf6 2. c4 e6 3. Nc3 Bb4 4. Bg5 h6 5. Bh4 c5 6. d5 d6 7. e3 Bxc3+ 8. bxc3 e5 9. Bd3 Nbd7 10. Bc2 Nf8 11. f3 Ng6 12. Bg3 Ne7 13. Ne2 Bf5 14. Ba4+ Bd7 15. Bc2 Bf5 16. Ba4+ Bd7 17. Bc2 Bf5 18. Ba4+ Bd7 1/2-1/2

[Event "Donner mem op"]
[Site "Amsterdam"]
[Date "1996.??.??"]
[Round "6"]
[White "Dao Thien Hai"]
[Black "Garcia, Gildardo"]
[Result "1-0"]
[WhiteElo "2535"]
[BlackElo "2495"]
[PlyCount "91"]
[EventDate "1996.08.17"]
[Source "www.chesslib.no"]
[SourceDate "2004.05.04"]

1. d4 Nf6 2. c4 e6 3. Nc3 Bb4 4. Bg5 h6 5. Bh4 c5 6. d5 exd5 7. cxd5 d6 8. e3 Nbd7 9. Bd3 Qa5 10. Nge2 Nxd5 11. O-O Bxc3 12. bxc3 O-O 13. Bc2 N7f6 14. c4 Nc3 15. Nxc3 Qxc3 16. Rc1 Qe5 17. Qd3 Re8 18. Rfd1 Bg4 19. f3 Bh5 20. e4 Rad8 21. Rd2 Bg6 22. Rcd1 b5 23. cxb5 d5 24. Qf1 Qc3 25. Bb3 d4 26. Rc2 Qe3+ 27. Qf2 Qxf2+ 28. Kxf2 Rd6 29. Bxf6 Rxf6 30. Kg1 Re5 31. Rdc1 Rb6 32. a4 d3 33. Rxc5 d2 34. Rc8+ Kh7 35. Rd1 Rd6 36. Kf2 f5 37. Bg8+ Kh8 38. Bd5+ Kh7 39. Rxd2 Bf7 40. Rc7 Bxd5 41. Rxd5 Rexd5 42. exd5 Rxd5 43. Rxa7 Rd2+ 44. Ke3 Rxg2 45. b6 Rxh2 46. Ra5 1-0

[Event "RUS-ch 54th"]
[Site "Elista"]
[Date "2001.05.03"]
[Round "4"]
[White "Diu, Viacheslav"]
[Black "Balashov, Yuri S"]
[Result "1/2-1/2"]
[WhiteElo "2445"]
[BlackElo "2581"]
[PlyCount "65"]
[EventDate "2001.04.29"]
[Source "ChessBase"]
[SourceDate "2001.07.05"]

1. d4 Nf6 2. c4 e6 3. Nc3 Bb4 4. Bg5 h6 5. Bh4 c5 6. d5 d6 7. e3 Bxc3+ 8. bxc3 e5 9. Qc2 Qe7 10. Nf3 g5 11. Bg3 e4 12. Nd2 Bf5 13. Be2 Nbd7 14. f4 O-O-O 15. O-O Bg6 16. f5 Bh7 17. Rab1 Kb8 18. Rb5 Rc8 19. Rfb1 Rc7 20. Qb3 b6 21. a4 Rb7 22. a5 Bxf5 23. axb6 axb6 24. Qa4 Rc8 25. Nb3 Rcc7 26. Na5 bxa5 27. Rxb7+ Rxb7 28. Rxb7+ Kxb7 29. Qc6+ Ka7 30. Qc7+ Ka8 31. Qc6+ Ka7 32. Qc7+ Ka8 33. Qc6+ 1/2-1/2

[Event "Moscow"]
[Site "?"]
[Date "1987.??.??"]
[Round "?"]
[White "Dolmatov, S."]
[Black "Geller, E."]
[Result "1-0"]
[WhiteElo "2515"]
[BlackElo "2500"]
[PlyCount "101"]
[EventDate "1987.??.??"]
[Source "ChessBase"]
[SourceDate "1987.01.01"]

1. d4 Nf6 2. c4 e6 3. Nc3 Bb4 4. Bg5 h6 5. Bh4 c5 6. d5 d6 7. e3 Bxc3+ 8. bxc3 Qe7 9. Nf3 Nbd7 10. Bd3 Nb6 11. O-O g5 12. Bg3 e5 13. Nd2 h5 14. f3 h4 15. Bf2 g4 16. Qe1 Ng8 17. fxg4 Bxg4 18. h3 Bd7 19. e4 O-O-O 20. Nf3 f6 21. Nxh4 Qg7 22. Qe3 Ne7 23. Qf3 Rdg8 24. Rfe1 Qg5 25. Nf5 Nxf5 26. exf5 Qd2 27. Rac1 Na4 28. Rc2 Qh6 29. Kh2 Nb6 30. g4 Ba4 31. Rce2 Rh7 32. Rh1 Qg5 33. Kg2 Kc7 34. Qe3 Qg7 35. Ree1 Rgh8 36. Reg1 Re8 37. Qe4 Rg8 38. Kf3 Qf7 39. Ke2 Qe7 40. Kd2 Rhg7 41. h4 Be8 42. Be3 Qd7 43. Bc2 Qd8 44. Bb3 Kb8 45. Rg3 a5 46. a3 a4 47. Bd1 Nc8 48. Be2 Bd7 49. Bd3 Ne7 50. Qf3 Rh7 51. Qf2 1-0

[Event "Voronezh RUS"]
[Site "?"]
[Date "2005.06.19"]
[Round "7"]
[White "Ulko Jaroslav"]
[Black "Brodsky Michail"]
[Result "0-1"]
[WhiteElo "2478"]
[BlackElo "2532"]
[PlyCount "86"]
[EventDate "2005.??.??"]
[Source "www.chesslib.no"]
[SourceDate "2004.05.04"]

1. d4 Nf6 2. c4 e6 3. Nc3 Bb4 4. Bg5 c5 5. d5 h6 6. Bh4 Bxc3+ 7. bxc3 d6 8. e3 Qe7 9. Nf3 Nbd7 10. Nd2 b6 11. Bd3 Bb7 12. Ne4 O-O-O 13. a4 g5 14. Bg3 Nxe4 15. Bxe4 f5 16. Bd3 f4 17. exf4 exd5+ 18. Qe2 Qf6 19. Qd2 dxc4 20. fxg5 Qe6+ 21. Be2 Bxg2 22. Rg1 Bf3 23. Qe3 Qxe3 24. fxe3 Bxe2 25. Kxe2 hxg5 26. Bxd6 Rh6 27. Rad1 Nf6 28. Be5 Rxd1 29. Rxd1 Ne4 30. Bg3 Re6 31. Kf3 Nf6 32. h3 Ne4 33. Be1 Re5 34. Kg4 Kc7 35. Kf3 a6 36. Rc1 Kc6 37. Rd1 Re8 38. Kg4 Rf8 39. Bg3 Nf6+ 40. Kxg5 Ne4+ 41. Kg4 Rg8+ 42. Kf3 Nxg3 43. Rg1 a5 0-1

[Event "Capablanca mem"]
[Site "Cienfuegos"]
[Date "1991.??.??"]
[Round "13"]
[White "Murshed, Niaz"]
[Black "Rodriguez Cespedes, Amador"]
[Result "1/2-1/2"]
[WhiteElo "2510"]
[BlackElo "2500"]
[PlyCount "21"]
[EventDate "1991.??.??"]
[Source "ChessBase"]

1. d4 Nf6 2. c4 e6 3. Nc3 Bb4 4. Bg5 h6 5. Bh4 c5 6. d5 Bxc3+ 7. bxc3 d6 8. e3 e5 9. Bd3 Qe7 10. Ne2 Nbd7 11. f3 1/2-1/2

[Event "HUN-chT1 9596"]
[Site "HUN"]
[Date "1996.??.??"]
[Round "13"]
[White "Dao, Thien Hai"]
[Black "Tolnai, Tibor"]
[Result "1-0"]
[WhiteElo "2560"]
[BlackElo "2450"]
[PlyCount "71"]
[EventDate "1995.??.??"]
[Source "www.chesslib.no"]
[SourceDate "2004.05.04"]

1. d4 Nf6 2. c4 e6 3. Nc3 Bb4 4. Bg5 h6 5. Bh4 c5 6. d5 d6 7. e3 exd5 8. cxd5 Nbd7 9. Bd3 a6 10. Nge2 Ne5 11. Bc2 Nc4 12. Rb1 Bg4 13. O-O b5 14. h3 Nxb2 15. Rxb2 Bxc3 16. Rb1 Bxe2 17. Qxe2 Qa5 18. a4 c4 19. f4 O-O 20. e4 Rfe8 21. Qf3 b4 22. Rbd1 Nd7 23. e5 dxe5 24. Qe4 g6 25. Kh1 f5 26. Qxc4 Rac8 27. Qe2 exf4 28. Qf2 Be5 29. d6 Rc3 30. Bb3+ Kg7 31. Qa7 Rd8 32. Bxd8 Qxd8 33. Be6 Kf6 34. Qxd7 Qxd7 35. Bxd7 b3 36. Bxf5 1-0

[Event "Pamplona 9495"]
[Site "Pamplona"]
[Date "1994.??.??"]
[Round "?"]
[White "Comas Fabrego, Luis"]
[Black "Rivas Pastor, Manuel"]
[Result "1/2-1/2"]
[WhiteElo "2490"]
[BlackElo "2515"]
[PlyCount "47"]
[EventDate "1994.12.??"]
[Source "ChessBase"]

1. d4 Nf6 2. c4 e6 3. Nc3 Bb4 4. Bg5 c5 5. d5 h6 6. Bh4 d6 7. e3 Bxc3+ 8. bxc3 O-O 9. Bd3 Nbd7 10. Ne2 Ne5 11. O-O Re8 12. h3 Ng6 13. Bg3 e5 14. f4 e4 15. Bc2 h5 16. f5 Ne7 17. Ba4 Nxf5 18. Bxe8 Qxe8 19. Bf4 h4 20. a4 Nh5 21. Qd2 b6 22. Bh2 Qe7 23. a5 bxa5 24. Rxa5 1/2-1/2

[Event "Tungsram"]
[Site "Budapest"]
[Date "1977.??.??"]
[Round "?"]
[White "Knaak, Rainer"]
[Black "Filip, Miroslav"]
[Result "1/2-1/2"]
[WhiteElo "2500"]
[BlackElo "2500"]
[PlyCount "81"]
[EventDate "1977.08.??"]
[Source "ChessBase"]

1. d4 Nf6 2. c4 e6 3. Nc3 Bb4 4. Bg5 h6 5. Bh4 c5 6. d5 d6 7. e3 Bxc3+ 8. bxc3 e5 9. f3 Nbd7 10. Bd3 Qe7 11. Qc2 Kd8 12. Ne2 Nf8 13. Bxf6 Qxf6 14. O-O Qe7 15. f4 Nd7 16. Ng3 Nf6 17. Rae1 Re8 18. Ne4 Nxe4 19. Bxe4 Bd7 20. Qb1 Rb8 21. f5 f6 22. Qb3 b6 23. Rb1 Kc7 24. Qd1 Kb7 25. Bc2 Rg8 26. h3 a6 27. Ba4 Qe8 28. Bxd7 Qxd7 29. e4 Ka7 30. Rf3 b5 31. cxb5 Rxb5 32. Rxb5 Qxb5 33. Rg3 Qb7 34. Kh2 Rc8 35. Qh5 c4 36. Qg6 Rc7 37. Qe8 Re7 38. Qg8 Kb6 39. Qd8+ Qc7 40. Qf8 Ka5 41. Qa8 1/2-1/2

[Event "Villa Gesell"]
[Site "Villa Gesell"]
[Date "1996.??.??"]
[Round "4"]
[White "Soppe, Guillermo"]
[Black "Slipak, Sergio"]
[Result "1/2-1/2"]
[WhiteElo "2465"]
[BlackElo "2535"]
[PlyCount "94"]
[EventDate "1996.03.??"]
[Source "ChessBase"]

1. d4 Nf6 2. c4 e6 3. Nc3 Bb4 4. Bg5 h6 5. Bh4 c5 6. d5 d6 7. e3 Qe7 8. Nf3 Bxc3+ 9. bxc3 e5 10. Nd2 g5 11. Bg3 Bf5 12. h4 Rg8 13. hxg5 hxg5 14. Qb3 Na6 15. Qb5+ Kf8 16. f3 Rb8 17. e4 Bd7 18. Qa5 Kg7 19. Rb1 Qd8 20. Qa3 Rh8 21. Rg1 g4 22. Bf2 Nh5 23. fxg4 Bxg4 24. Qc1 Qg5 25. Nf3 Qxc1+ 26. Rxc1 Nc7 27. Rb1 Ne8 28. Nd2 Nf4 29. Be3 Ng6 30. Bd3 Nf6 31. Be2 b6 32. Bg5 Bxe2 33. Kxe2 Ng4 34. Nf1 Rh5 35. Be3 Nxe3 36. Nxe3 Ne7 37. Rgf1 Rf8 38. g4 Rh2+ 39. Rf2 Rfh8 40. Rbf1 Rxf2+ 41. Rxf2 Rh1 42. g5 Rh4 43. Kd3 Kg6 44. Rf6+ Kxg5 45. Rxf7 Ng6 46. Rf5+ Kh6 47. Rf6 Kg5 1/2-1/2

[Event "Asztalos Memorial"]
[Site "Baja"]
[Date "1971.??.??"]
[Round "12"]
[White "Bagirov, Vladimir K"]
[Black "Csom, Istvan"]
[Result "1-0"]
[WhiteElo "2510"]
[BlackElo "2490"]
[PlyCount "81"]
[EventDate "1971.05.??"]
[Source "www.chesslib.no"]
[SourceDate "2004.05.04"]

1. d4 Nf6 2. c4 e6 3. Nc3 Bb4 4. Bg5 c5 5. d5 d6 6. e3 h6 7. Bh4 e5 8. Nge2 Bf5 9. a3 Bxc3+ 10. Nxc3 Nbd7 11. e4 Bh7 12. Bd3 g5 13. Bg3 Bg6 14. f3 Rg8 15. Bf2 h5 16. h4 g4 17. Be3 a6 18. Qd2 Qc7 19. b4 gxf3 20. gxf3 O-O-O 21. Rb1 Nb6 22. Bg5 Nfd7 23. Bxd8 Qxd8 24. Nd1 Kc7 25. Ne3 Qf6 26. Be2 Qf4 27. Rb3 Qf6 28. Kd1 Ra8 29. Kc2 Nc8 30. Nd1 Ra7 31. Nc3 Ncb6 32. Qg5 Qd8 33. Qxd8+ Kxd8 34. bxc5 dxc5 35. Rhb1 Kc7 36. d6+ Kc6 37. Nd5 Nc8 38. Ne7+ Nxe7 39. dxe7 f6 40. Bf1 Be8 41. Rd1 1-0

[Event "Bucharest"]
[Site "Bucharest"]
[Date "1993.??.??"]
[Round "?"]
[White "Rogozenko, Dorian"]
[Black "Timoshenko, Georgy"]
[Result "1-0"]
[WhiteElo "2480"]
[BlackElo "2515"]
[PlyCount "87"]
[EventDate "1993.02.??"]
[Source "ChessBase"]

1. d4 Nf6 2. c4 e6 3. Nc3 Bb4 4. Bg5 c5 5. d5 d6 6. e3 h6 7. Bh4 Bxc3+ 8. bxc3 Qe7 9. Nf3 Nbd7 10. Nd2 O-O 11. Be2 Ne5 12. Ne4 g5 13. Nxf6+ Qxf6 14. Bg3 Nxc4 15. O-O Ne5 16. f4 Nd7 17. fxg5 Qxg5 18. Bxd6 Re8 19. dxe6 Qxe3+ 20. Kh1 Rxe6 21. Bc4 Rf6 22. Qh5 Qg5 23. Bxf7+ Kg7 24. Be7 Rxf1+ 25. Rxf1 Qxh5 26. Bxh5 a5 27. Be2 b6 28. Bf3 Ra7 29. Bd5 Bb7 30. Be6 Bc6 31. h4 Ra8 32. h5 Ra7 33. Rf7+ Kh8 34. Bd6 Rb7 35. Bf4 b5 36. Bxh6 Nb6 37. Bg7+ Kh7 38. Bf5+ Kg8 39. Rxb7 Bxb7 40. h6 Bc8 41. Be4 Nd7 42. g4 c4 43. Bd4 Nf8 44. g5 1-0